[Event "Deutsche Ländermeisterschaft 2024"]
[Site "Tübingen GER"]
[Date "2024.10.06"]
[Round "7"]
[White "Didas, Emma"]
[Black "Albrecht, Sidney Jenna"]
[Result "1/2-1/2"]
[Termination "normal"]
[Board "6.8"]
[WhiteElo "1078"]
[BlackElo "1544"]
[WhiteClock "00:56:52"]
[BlackClock "00:16:27"]
[WhiteTeam "Saarland & Friends"]
[BlackTeam "Thüringen"]
[PlyCount "71"]
[WhiteFideId "34681612"]
[BlackFideId "34660283"]
[EventCountry "GER"]
[EventRounds "7"]
[EventType "team-swiss"]
[EventDate "2024.10.02"]

1. e4 {[%clk 01:30:57]} {[%emt 00:00:01]} c5 {[%clk 01:30:55]} 2. c3 {[%clk
01:31:25]} Nf6 {[%clk 01:31:19]} 3. d3 {[%clk 01:31:30]} Nc6 {[%clk 01:30:32]}
4. Nf3 {[%clk 01:31:23]} g6 {[%clk 01:29:44]} 5. Bg5 {[%clk 01:29:35]} {[%emt
00:00:19]} Bg7 {[%clk 01:27:30]} {[%emt 00:02:44]} 6. Be2 {[%clk 01:27:19]}
{[%emt 00:02:46]} O-O {[%clk 01:25:32]} {[%emt 00:02:28]} 7. O-O {[%clk
01:27:30]} {[%emt 00:00:18]} h6 {[%clk 01:23:39]} {[%emt 00:02:25]} 8. Bh4
{[%clk 01:26:59]} {[%emt 00:01:01]} d6 {[%clk 01:18:43]} {[%emt 00:05:25]} 9.
Qc2 {[%clk 01:25:23]} {[%emt 00:02:06]} Be6 {[%clk 01:15:23]} {[%emt 00:03:50]}
10. d4 {[%clk 01:24:48]} {[%emt 00:01:05]} cxd4 {[%clk 01:14:14]} {[%emt
00:01:40]} 11. Nxd4 {[%clk 01:24:46]} {[%emt 00:00:32]} Nxd4 {[%clk 01:14:10]}
{[%emt 00:00:35]} 12. cxd4 {[%clk 01:25:10]} {[%emt 00:00:07]} Rc8 {[%clk
01:12:44]} {[%emt 00:01:55]} 13. Nc3 {[%emt 00:00:36]} g5 {[%clk 01:09:51]}
{[%emt 00:03:21]} 14. Bg3 {[%clk 01:24:59]} {[%emt 00:00:37]} d5 {[%clk
01:08:07]} {[%emt 00:02:14]} 15. exd5 {[%clk 01:23:17]} {[%emt 00:02:10]} Nxd5
{[%clk 01:07:58]} {[%emt 00:00:41]} 16. Rfd1 {[%clk 01:21:19]} {[%emt
00:02:27]} f5 {[%clk 01:03:53]} {[%emt 00:04:36]} 17. Be5 {[%clk 01:20:35]}
{[%emt 00:01:12]} Nf6 {[%clk 00:58:39]} {[%emt 00:05:45]} 18. Bd3 {[%clk
01:18:53]} {[%emt 00:02:13]} Qd7 {[%clk 00:56:06]} {[%emt 00:03:03]} 19. Rac1
{[%clk 01:16:19]} {[%emt 00:03:05]} Ng4 {[%clk 00:48:49]} {[%emt 00:07:47]} 20.
Be2 {[%clk 01:14:57]} {[%emt 00:01:49]} Nxe5 {[%clk 00:47:04]} {[%emt
00:02:17]} 21. dxe5 {[%clk 01:14:56]} {[%emt 00:00:31]} Qc7 {[%clk 00:46:08]}
{[%emt 00:01:26]} 22. Bf3 {[%clk 01:12:20]} {[%emt 00:03:05]} Bxe5 {[%clk
00:41:58]} {[%emt 00:04:42]} 23. g3 {[%clk 01:11:51]} {[%emt 00:00:59]} b6
{[%clk 00:34:31]} {[%emt 00:07:57]} 24. Re1 {[%clk 01:10:45]} {[%emt 00:01:36]}
Bf7 {[%clk 00:31:31]} {[%emt 00:03:29]} 25. Qxf5 {[%clk 01:08:49]} {[%emt
00:02:27]} Bg7 {[%clk 00:28:40]} {[%emt 00:03:22]} 26. Bd5 {[%clk 01:07:58]}
{[%emt 00:01:20]} Bxd5 {[%clk 00:27:31]} {[%emt 00:01:39]} 27. Qxd5+ {[%clk
01:08:15]} {[%emt 00:00:11]} Kh8 {[%clk 00:27:16]} {[%emt 00:00:47]} 28. Qd2
{[%clk 01:06:41]} {[%emt 00:02:03]} Bf6 {[%clk 00:25:08]} {[%emt 00:02:39]} 29.
Nb5 {[%clk 01:04:23]} {[%emt 00:02:48]} Qb7 {[%clk 00:23:23]} {[%emt 00:02:15]}
30. Nc3 {[%clk 01:00:14]} {[%emt 00:04:39]} Rfd8 {[%clk 00:21:49]} {[%emt
00:02:04]} 31. Qe2 {[%clk 00:59:33]} {[%emt 00:01:11]} a5 {[%clk 00:20:07]}
{[%emt 00:02:10]} 32. a4 {[%clk 00:56:49]} {[%emt 00:03:15]} Qc6 {[%clk
00:17:35]} {[%emt 00:03:02]} 33. Qb5 {[%clk 00:56:14]} {[%emt 00:01:05]} Qxb5
{[%clk 00:17:17]} {[%emt 00:00:49]} 34. Nxb5 {[%clk 00:56:13]} {[%emt
00:00:31]} Rxc1 {[%clk 00:16:51]} {[%emt 00:00:56]} 35. Rxc1 {[%clk 00:56:35]}
{[%emt 00:00:08]} Bxb2 {[%clk 00:16:27]} {[%emt 00:00:54]} 36. Rc6 {[%clk
00:56:52]} {[%emt 00:00:14]} 1/2-1/2

[Event "Deutsche Ländermeisterschaft 2024"]
[Site "Tübingen GER"]
[Date "2024.10.06"]
[Round "7"]
[White "Semling, Johannes"]
[Black "Foksha, Mischa"]
[Result "1/2-1/2"]
[Termination "normal"]
[Board "7.1"]
[WhiteElo "2206"]
[BlackElo "2078"]
[WhiteClock "00:10:10"]
[BlackClock "00:23:54"]
[WhiteTeam "Baden"]
[BlackTeam "Württemberg"]
[PlyCount "63"]
[WhiteFideId "16290151"]
[BlackFideId "16253400"]
[EventCountry "GER"]
[EventRounds "7"]
[EventType "team-swiss"]
[EventDate "2024.10.02"]

1. e4 {[%clk 01:30:46]} {[%emt 00:00:01]} c5 {[%clk 01:30:54]} 2. Nf3 {[%clk
01:31:09]} d6 {[%clk 01:31:20]} 3. d4 {[%clk 01:31:33]} cxd4 4. Nxd4 {[%clk
01:31:56]} Nf6 {[%clk 01:32:14]} 5. Nc3 {[%clk 01:32:19]} a6 {[%clk 01:32:40]}
6. h4 {[%clk 01:32:42]} e5 {[%clk 01:30:06]} 7. Nb3 {[%clk 01:33:05]} Be7
{[%clk 01:30:05]} 8. Bg5 {[%clk 01:33:09]} Nbd7 {[%clk 01:28:42]} {[%emt
00:01:21]} 9. a4 {[%clk 01:30:54]} {[%emt 00:02:45]} b6 {[%clk 01:17:27]}
{[%emt 00:11:44]} 10. g3 {[%clk 01:23:49]} {[%emt 00:07:34]} Bb7 {[%clk
01:16:56]} {[%emt 00:01:02]} 11. Bg2 {[%clk 01:24:09]} {[%emt 00:00:11]} Rc8
{[%clk 01:17:08]} {[%emt 00:00:18]} 12. Qd3 {[%clk 01:21:18]} {[%emt 00:03:18]}
O-O {[%emt 00:09:11]} 13. Rd1 {[%clk 01:17:00]} {[%emt 00:04:43]} Qc7 {[%emt
00:01:03]} 14. O-O {[%emt 00:03:59]} h6 {[%clk 01:04:22]} {[%emt 00:04:10]} 15.
Bxf6 {[%clk 01:09:24]} {[%emt 00:04:37]} Nxf6 {[%clk 01:04:36]} {[%emt
00:00:16]} 16. Nd2 {[%clk 01:06:10]} {[%emt 00:03:43]} Rfd8 {[%clk 00:59:39]}
{[%emt 00:05:28]} 17. Rfe1 {[%clk 01:01:21]} {[%emt 00:05:19]} Qc6 {[%clk
00:56:14]} {[%emt 00:03:56]} 18. Nf1 {[%clk 00:56:53]} {[%emt 00:04:57]} Qc4
{[%clk 00:48:34]} {[%emt 00:08:09]} 19. Ne3 {[%clk 00:49:18]} {[%emt 00:08:04]}
Qxd3 {[%clk 00:48:05]} {[%emt 00:01:01]} 20. cxd3 {[%clk 00:40:59]} {[%emt
00:08:48]} Bc6 {[%clk 00:40:09]} {[%emt 00:08:26]} 21. d4 {[%clk 00:34:01]}
{[%emt 00:07:28]} b5 {[%clk 00:39:06]} {[%emt 00:01:33]} 22. axb5 {[%emt
00:05:47]} Bxb5 {[%clk 00:36:15]} {[%emt 00:01:12]} 23. Bf1 {[%clk 00:27:34]}
{[%emt 00:03:45]} Bxf1 {[%clk 00:34:48]} {[%emt 00:02:01]} 24. Kxf1 {[%clk
00:28:02]} {[%emt 00:00:02]} Rb8 {[%clk 00:34:49]} {[%emt 00:00:29]} 25. Re2
{[%clk 00:26:34]} {[%emt 00:01:56]} Rb3 {[%clk 00:30:47]} {[%emt 00:04:34]} 26.
dxe5 {[%clk 00:22:55]} {[%emt 00:04:09]} dxe5 {[%clk 00:31:07]} {[%emt
00:00:10]} 27. Ra1 {[%clk 00:21:36]} {[%emt 00:01:46]} Bb4 {[%clk 00:28:25]}
{[%emt 00:03:15]} 28. Ned5 {[%clk 00:12:39]} {[%emt 00:09:24]} Bxc3 {[%clk
00:25:31]} {[%emt 00:03:29]} 29. Nxc3 {[%clk 00:12:09]} {[%emt 00:00:58]} Rdb8
{[%clk 00:24:10]} {[%emt 00:01:52]} 30. Rxa6 {[%clk 00:11:31]} {[%emt
00:01:08]} Rxb2 {[%clk 00:24:35]} {[%emt 00:00:06]} 31. Ra5 {[%clk 00:11:40]}
{[%emt 00:00:19]} Rxe2 {[%clk 00:23:54]} {[%emt 00:01:13]} 32. Kxe2 {[%clk
00:10:10]} {[%emt 00:01:59]} 1/2-1/2

[Event "Deutsche Ländermeisterschaft 2024"]
[Site "Tübingen GER"]
[Date "2024.10.06"]
[Round "7"]
[White "Karle, Sam"]
[Black "Uhlmann, Tim"]
[Result "1-0"]
[Termination "normal"]
[Board "7.2"]
[WhiteElo "2124"]
[BlackElo "2068"]
[WhiteClock "00:41:59"]
[BlackClock "00:16:32"]
[WhiteTeam "Württemberg"]
[BlackTeam "Baden"]
[PlyCount "79"]
[WhiteFideId "16290089"]
[BlackFideId "16239210"]
[EventCountry "GER"]
[EventRounds "7"]
[EventType "team-swiss"]
[EventDate "2024.10.02"]

1. e4 {[%clk 01:30:58]} e5 {[%clk 01:30:54]} 2. Nf3 {[%clk 01:31:22]} Nc6
{[%clk 01:31:21]} 3. Bb5 {[%clk 01:31:44]} a6 {[%clk 01:31:48]} 4. Ba4 {[%clk
01:32:07]} Bc5 {[%clk 01:32:08]} 5. c3 {[%clk 01:32:11]} Nge7 {[%clk 01:31:34]}
6. O-O {[%clk 01:31:56]} Ba7 {[%clk 01:30:55]} 7. d4 {[%clk 01:32:16]} Ng6
{[%clk 01:31:14]} 8. Bg5 {[%clk 01:32:36]} f6 {[%clk 01:31:40]} 9. Be3 {[%clk
01:32:59]} O-O {[%clk 01:30:49]} {[%emt 00:01:07]} 10. Nbd2 {[%clk 01:33:18]}
{[%emt 00:00:11]} b5 {[%clk 01:29:26]} {[%emt 00:01:54]} 11. Bc2 {[%clk
01:29:06]} {[%emt 00:04:41]} d6 {[%clk 01:26:01]} {[%emt 00:03:55]} 12. Re1
{[%clk 01:28:04]} {[%emt 00:01:32]} Nce7 {[%clk 01:21:22]} {[%emt 00:05:10]}
13. Nf1 {[%clk 01:28:22]} {[%emt 00:00:11]} c5 {[%clk 01:19:46]} {[%emt
00:02:07]} 14. a4 {[%clk 01:20:21]} {[%emt 00:08:30]} Bg4 {[%clk 01:13:28]}
{[%emt 00:06:48]} 15. dxc5 {[%clk 01:19:26]} {[%emt 00:01:25]} Bxc5 {[%clk
01:13:15]} {[%emt 00:00:43]} 16. h3 {[%clk 01:12:31]} {[%emt 00:07:24]} Be6
{[%clk 01:11:00]} {[%emt 00:02:45]} 17. Bb3 {[%clk 01:10:41]} {[%emt 00:02:20]}
Bf7 {[%clk 01:08:28]} {[%emt 00:03:02]} 18. axb5 {[%clk 01:05:57]} {[%emt
00:05:14]} axb5 {[%clk 01:06:31]} {[%emt 00:02:28]} 19. Bxf7+ {[%clk 01:06:03]}
{[%emt 00:00:23]} Rxf7 {[%clk 01:06:05]} {[%emt 00:00:56]} 20. Qb3 {[%clk
01:02:53]} {[%emt 00:03:40]} Rb8 {[%clk 01:04:07]} {[%emt 00:02:29]} 21. Red1
{[%clk 00:58:51]} {[%emt 00:04:31]} Qc7 {[%clk 01:00:25]} {[%emt 00:04:12]} 22.
Bxc5 {[%clk 00:52:39]} {[%emt 00:06:43]} dxc5 {[%clk 00:59:33]} {[%emt
00:01:22]} 23. Ne3 {[%clk 00:51:44]} {[%emt 00:01:25]} Nf4 {[%clk 00:55:31]}
{[%emt 00:04:31]} 24. Ra6 {[%clk 00:45:12]} {[%emt 00:07:02]} Qb7 {[%clk
00:50:14]} {[%emt 00:05:48]} 25. Rad6 {[%clk 00:44:16]} {[%emt 00:01:25]} c4
{[%clk 00:42:31]} {[%emt 00:08:14]} 26. Nxc4 {[%clk 00:43:29]} {[%emt
00:01:17]} Qc7 {[%clk 00:37:05]} {[%emt 00:05:56]} 27. Ncxe5 {[%clk 00:42:42]}
{[%emt 00:01:16]} fxe5 {[%clk 00:34:53]} {[%emt 00:02:42]} 28. Nxe5 {[%clk
00:43:09]} {[%emt 00:00:03]} Neg6 {[%clk 00:22:55]} {[%emt 00:12:28]} 29. Rd7
{[%clk 00:41:56]} {[%emt 00:01:43]} Qxd7 {[%clk 00:22:04]} {[%emt 00:01:22]}
30. Nxd7 {[%clk 00:42:15]} {[%emt 00:00:11]} Rd8 {[%clk 00:21:11]} {[%emt
00:01:22]} 31. Nf6+ {[%clk 00:42:34]} {[%emt 00:00:10]} gxf6 {[%clk 00:21:19]}
{[%emt 00:00:24]} 32. Rxd8+ {[%clk 00:42:58]} {[%emt 00:00:06]} Kg7 {[%clk
00:21:41]} {[%emt 00:00:07]} 33. Qxb5 {[%clk 00:43:08]} {[%emt 00:00:20]} Ne5
{[%clk 00:21:20]} {[%emt 00:00:51]} 34. Rb8 {[%clk 00:42:54]} {[%emt 00:00:45]}
Kh6 {[%clk 00:21:12]} {[%emt 00:00:39]} 35. g3 {[%clk 00:42:24]} {[%emt
00:00:58]} Nf3+ {[%clk 00:20:59]} {[%emt 00:00:45]} 36. Kh1 {[%clk 00:41:37]}
{[%emt 00:01:16]} Nxh3 {[%clk 00:20:12]} {[%emt 00:01:18]} 37. Rb7 {[%clk
00:41:50]} {[%emt 00:00:17]} Rf8 {[%clk 00:19:39]} {[%emt 00:01:03]} 38. Qd7
{[%clk 00:41:53]} {[%emt 00:00:27]} Ra8 {[%clk 00:16:08]} {[%emt 00:04:01]} 39.
Qxh7+ {[%clk 00:41:59]} {[%emt 00:00:23]} Kg5 {[%clk 00:16:32]} {[%emt
00:00:07]} 40. Rg7# {[%emt 00:00:06]} 1-0

[Event "Deutsche Ländermeisterschaft 2024"]
[Site "Tübingen GER"]
[Date "2024.10.06"]
[Round "7"]
[White "Albrecht, Neil"]
[Black "Fischer, Darja"]
[Result "1/2-1/2"]
[Termination "normal"]
[Board "7.4"]
[WhiteElo "2067"]
[BlackElo "1872"]
[WhiteClock "00:15:40"]
[BlackClock "00:02:58"]
[WhiteTeam "Württemberg"]
[BlackTeam "Baden"]
[PlyCount "95"]
[WhiteFideId "34621091"]
[BlackFideId "16240898"]
[EventCountry "GER"]
[EventRounds "7"]
[EventType "team-swiss"]
[EventDate "2024.10.02"]

1. e4 {[%clk 01:30:58]} c5 {[%clk 01:30:57]} 2. Nf3 {[%clk 01:31:17]} a6 {[%clk
01:31:23]} 3. c4 {[%clk 01:31:19]} Nc6 {[%clk 01:30:30]} 4. d4 {[%clk
01:31:39]} cxd4 5. Nxd4 {[%clk 01:32:04]} Qc7 {[%clk 01:31:12]} 6. Nc3 {[%clk
01:30:07]} e6 {[%clk 01:31:00]} {[%emt 00:00:04]} 7. a3 {[%clk 01:27:21]}
{[%emt 00:03:15]} Nf6 {[%clk 01:30:17]} {[%emt 00:01:13]} 8. Be3 {[%clk
01:25:11]} {[%emt 00:02:40]} e5 {[%clk 01:24:25]} {[%emt 00:06:22]} 9. Nc2
{[%clk 01:17:21]} {[%emt 00:08:19]} d6 {[%clk 01:20:03]} {[%emt 00:04:53]} 10.
f3 {[%clk 01:14:39]} {[%emt 00:03:12]} Be6 {[%clk 01:17:28]} {[%emt 00:03:05]}
11. Nd5 {[%clk 01:11:54]} {[%emt 00:03:15]} Bxd5 {[%clk 01:16:55]} {[%emt
00:01:03]} 12. cxd5 {[%clk 01:11:09]} {[%emt 00:01:15]} Nb8 {[%clk 01:10:19]}
{[%emt 00:07:06]} 13. Rc1 {[%clk 01:09:54]} {[%emt 00:01:44]} g6 {[%clk
01:06:35]} {[%emt 00:04:15]} 14. b4 {[%clk 01:07:24]} {[%emt 00:03:00]} Nbd7
{[%clk 00:58:22]} {[%emt 00:08:43]} 15. a4 {[%clk 01:01:57]} {[%emt 00:05:58]}
Bg7 {[%clk 00:55:24]} {[%emt 00:03:28]} 16. Na3 {[%clk 01:00:59]} {[%emt
00:01:28]} Qb8 {[%clk 00:54:10]} {[%emt 00:01:44]} 17. Bd3 {[%clk 01:00:07]}
{[%emt 00:01:22]} O-O {[%clk 00:54:20]} {[%emt 00:00:20]} 18. O-O {[%clk
01:00:08]} {[%emt 00:00:29]} Nh5 {[%clk 00:45:40]} {[%emt 00:09:10]} 19. Qc2
{[%clk 00:56:56]} {[%emt 00:03:40]} Nf4 {[%clk 00:35:36]} {[%emt 00:10:35]} 20.
g3 {[%clk 00:48:43]} {[%emt 00:08:44]} Nxd3 {[%clk 00:35:36]} {[%emt 00:00:30]}
21. Qxd3 {[%clk 00:49:07]} {[%emt 00:00:06]} f5 {[%clk 00:31:42]} {[%emt
00:04:24]} 22. Nc4 {[%clk 00:45:32]} {[%emt 00:04:05]} f4 {[%clk 00:26:25]}
{[%emt 00:05:48]} 23. Bd2 {[%clk 00:44:13]} {[%emt 00:01:49]} g5 {[%clk
00:23:20]} {[%emt 00:03:35]} 24. g4 {[%clk 00:43:24]} {[%emt 00:01:19]} Bf6
{[%clk 00:23:14]} {[%emt 00:00:36]} 25. a5 {[%clk 00:41:55]} {[%emt 00:01:58]}
Be7 {[%clk 00:19:28]} {[%emt 00:04:15]} 26. Be1 {[%clk 00:41:36]} {[%emt
00:00:50]} Qe8 {[%clk 00:17:58]} {[%emt 00:02:00]} 27. Bf2 {[%clk 00:38:23]}
{[%emt 00:03:42]} h5 {[%clk 00:17:11]} {[%emt 00:01:17]} 28. h3 {[%clk
00:38:30]} {[%emt 00:00:23]} Kg7 {[%clk 00:16:51]} {[%emt 00:00:51]} 29. Kg2
{[%clk 00:31:33]} {[%emt 00:07:27]} Rh8 {[%clk 00:16:59]} {[%emt 00:00:22]} 30.
Nd2 {[%clk 00:29:46]} {[%emt 00:02:16]} Rc8 {[%clk 00:16:04]} {[%emt 00:01:25]}
31. Rc3 {[%clk 00:29:25]} {[%emt 00:00:51]} hxg4 {[%clk 00:09:52]} {[%emt
00:06:41]} 32. hxg4 {[%clk 00:29:36]} {[%emt 00:00:19]} Nf6 {[%clk 00:09:33]}
{[%emt 00:00:50]} 33. Rfc1 {[%clk 00:28:41]} {[%emt 00:01:25]} Qd7 {[%clk
00:09:40]} {[%emt 00:00:23]} 34. Rxc8 {[%clk 00:27:54]} {[%emt 00:01:17]} Rxc8
{[%clk 00:10:04]} {[%emt 00:00:05]} 35. Rxc8 {[%clk 00:26:14]} {[%emt
00:02:10]} Qxc8 {[%clk 00:10:31]} {[%emt 00:00:03]} 36. Qc4 {[%clk 00:25:32]}
{[%emt 00:01:11]} Qxc4 {[%clk 00:10:08]} {[%emt 00:00:53]} 37. Nxc4 {[%clk
00:25:54]} {[%emt 00:00:09]} Kf7 {[%clk 00:09:52]} {[%emt 00:00:46]} 38. Kf1
{[%clk 00:25:46]} {[%emt 00:00:38]} Ke8 {[%clk 00:09:51]} {[%emt 00:00:31]} 39.
Ke2 {[%clk 00:22:21]} {[%emt 00:03:15]} Kd8 {[%clk 00:10:04]} {[%emt 00:00:56]}
40. Kd3 {[%clk 00:22:23]} {[%emt 00:00:28]} Ne8 {[%clk 00:07:15]} {[%emt
00:03:19]} 41. Nb2 {[%clk 00:19:38]} {[%emt 00:03:15]} Kc8 {[%clk 00:06:18]}
{[%emt 00:01:27]} 42. Bb6 {[%clk 00:18:30]} {[%emt 00:01:38]} Bd8 {[%clk
00:03:17]} {[%emt 00:03:32]} 43. Bxd8 {[%clk 00:17:42]} {[%emt 00:01:18]} Kxd8
{[%clk 00:03:42]} {[%emt 00:00:05]} 44. Nc4 {[%clk 00:17:59]} {[%emt 00:00:13]}
Kc7 {[%clk 00:03:40]} {[%emt 00:00:32]} 45. Nb2 {[%clk 00:15:26]} {[%emt
00:03:03]} Kd7 {[%clk 00:03:09]} {[%emt 00:01:01]} 46. Nd1 {[%clk 00:15:42]}
{[%emt 00:00:13]} Nc7 {[%clk 00:02:44]} {[%emt 00:00:55]} 47. Nc3 {[%clk
00:15:17]} {[%emt 00:00:55]} Nb5 {[%clk 00:02:58]} {[%emt 00:00:15]} 48. Nxb5
{[%clk 00:15:40]} {[%emt 00:00:07]} 1/2-1/2

[Event "Deutsche Ländermeisterschaft 2024"]
[Site "Tübingen GER"]
[Date "2024.10.06"]
[Round "7"]
[White "Yin, Vito"]
[Black "Li, Yunqi"]
[Result "0-1"]
[Termination "normal"]
[Board "7.5"]
[WhiteElo "1855"]
[BlackElo "2062"]
[WhiteClock "00:24:22"]
[BlackClock "00:21:05"]
[WhiteTeam "Baden"]
[BlackTeam "Württemberg"]
[PlyCount "58"]
[WhiteFideId "34601759"]
[BlackFideId "34610618"]
[EventCountry "GER"]
[EventRounds "7"]
[EventType "team-swiss"]
[EventDate "2024.10.02"]

1. c4 {[%clk 01:30:56]} {[%emt 10:10:32]} e5 {[%clk 01:30:53]} 2. Nc3 {[%clk
01:31:19]} Nf6 {[%clk 01:31:07]} 3. g3 {[%clk 01:31:38]} d5 {[%clk 01:31:31]}
4. cxd5 Nxd5 {[%clk 01:31:54]} 5. Bg2 {[%clk 01:31:41]} Nb6 {[%clk 01:32:14]}
6. Nf3 {[%clk 01:27:33]} {[%emt 00:00:54]} Nc6 {[%clk 01:32:20]} {[%emt
00:00:24]} 7. O-O {[%clk 01:27:53]} {[%emt 00:00:10]} Be7 {[%clk 01:32:21]}
{[%emt 00:00:28]} 8. b3 {[%clk 01:26:03]} {[%emt 00:02:20]} Be6 {[%clk
01:30:24]} {[%emt 00:02:27]} 9. Bb2 {[%clk 01:21:53]} {[%emt 00:04:40]} O-O
{[%emt 00:01:27]} 10. Rc1 {[%clk 01:21:17]} {[%emt 00:01:00]} f6 {[%clk
01:29:22]} {[%emt 00:00:41]} 11. Ne4 {[%clk 01:20:30]} {[%emt 00:01:18]} a5
{[%clk 01:23:44]} {[%emt 00:06:08]} 12. d4 {[%clk 01:13:02]} {[%emt 00:07:58]}
exd4 {[%clk 01:08:46]} {[%emt 00:15:28]} 13. Nxd4 {[%clk 01:12:32]} {[%emt
00:01:00]} Nxd4 {[%clk 01:08:18]} {[%emt 00:00:58]} 14. Bxd4 {[%clk 01:12:44]}
{[%emt 00:00:18]} Nd5 {[%clk 00:39:38]} {[%emt 00:29:09]} 15. Nc5 {[%clk
00:52:02]} {[%emt 00:21:13]} Bxc5 {[%clk 00:39:28]} {[%emt 00:00:40]} 16. Bxc5
{[%clk 00:52:26]} {[%emt 00:00:06]} Rf7 {[%clk 00:39:21]} {[%emt 00:00:37]} 17.
e4 {[%clk 00:51:59]} {[%emt 00:00:57]} Nb4 {[%clk 00:34:04]} {[%emt 00:05:47]}
18. Qe2 {[%clk 00:48:22]} {[%emt 00:04:07]} Nd3 {[%clk 00:31:46]} {[%emt
00:02:49]} 19. Rcd1 {[%clk 00:42:02]} {[%emt 00:06:50]} Rd7 {[%clk 00:31:44]}
{[%emt 00:00:32]} 20. Ba3 {[%clk 00:38:17]} {[%emt 00:04:16]} a4 {[%clk
00:28:19]} {[%emt 00:03:56]} 21. b4 {[%clk 00:37:17]} {[%emt 00:01:30]} c6
{[%clk 00:28:25]} {[%emt 00:00:24]} 22. Rd2 {[%clk 00:34:55]} {[%emt 00:02:51]}
Nf4 {[%clk 00:27:33]} {[%emt 00:01:22]} 23. gxf4 {[%clk 00:33:25]} {[%emt
00:02:00]} Rxd2 {[%clk 00:27:56]} {[%emt 00:00:06]} 24. Qe3 {[%clk 00:31:25]}
{[%emt 00:02:30]} Rxa2 {[%clk 00:28:00]} {[%emt 00:00:26]} 25. f5 {[%clk
00:28:57]} {[%emt 00:02:58]} Bb3 {[%clk 00:27:38]} {[%emt 00:00:52]} 26. Bc1
{[%clk 00:28:58]} {[%emt 00:00:27]} Bc4 {[%clk 00:26:11]} {[%emt 00:01:59]} 27.
Re1 {[%clk 00:29:19]} {[%emt 00:00:09]} Qd6 {[%clk 00:23:30]} {[%emt 00:03:10]}
28. Ba3 {[%clk 00:24:56]} {[%emt 00:04:53]} Rd8 {[%clk 00:21:41]} {[%emt
00:02:19]} 29. Qc1 {[%clk 00:24:22]} {[%emt 00:01:04]} Qd4 {[%clk 00:21:05]}
{[%emt 00:01:07]} 0-1

[Event "Deutsche Ländermeisterschaft 2024"]
[Site "Tübingen GER"]
[Date "2024.10.06"]
[Round "7"]
[White "Dohon, Maria-Johanna"]
[Black "Kateryniuk, Ivan"]
[Result "1/2-1/2"]
[Termination "normal"]
[Board "7.6"]
[WhiteElo "1717"]
[BlackElo "1860"]
[WhiteClock "00:10:54"]
[BlackClock "00:52:14"]
[WhiteTeam "Württemberg"]
[BlackTeam "Baden"]
[PlyCount "62"]
[WhiteFideId "34600957"]
[BlackFideId "34138943"]
[EventCountry "GER"]
[EventRounds "7"]
[EventType "team-swiss"]
[EventDate "2024.10.02"]

1. d4 {[%clk 01:30:57]} d5 {[%clk 01:31:00]} 2. c4 {[%clk 01:31:19]} c6 {[%clk
01:31:27]} 3. e3 {[%clk 01:31:44]} Nf6 {[%clk 01:31:52]} 4. Nc3 {[%clk
01:32:00]} e6 {[%clk 01:32:16]} 5. Nf3 {[%clk 01:32:24]} Be7 {[%clk 01:32:20]}
6. Bd3 {[%clk 01:32:31]} dxc4 7. Bxc4 {[%clk 01:32:56]} b5 {[%clk 01:33:12]} 8.
Bd3 {[%clk 01:32:39]} Bb7 {[%clk 01:33:26]} 9. O-O {[%clk 01:32:05]} Nbd7
{[%clk 01:33:47]} 10. Re1 {[%clk 01:28:14]} {[%emt 00:02:38]} a6 {[%clk
01:33:56]} {[%emt 00:00:21]} 11. a3 {[%clk 01:24:29]} {[%emt 00:04:16]} c5
{[%clk 01:34:13]} {[%emt 00:00:12]} 12. dxc5 {[%clk 01:23:12]} {[%emt
00:01:46]} Nxc5 {[%clk 01:34:40]} {[%emt 00:00:03]} 13. Bc2 {[%clk 01:21:57]}
{[%emt 00:01:45]} O-O {[%clk 01:34:10]} {[%emt 00:01:01]} 14. b4 {[%clk
01:16:12]} {[%emt 00:06:15]} Nce4 {[%clk 01:33:42]} {[%emt 00:00:58]} 15. Nxe4
{[%clk 01:16:21]} {[%emt 00:00:21]} Nxe4 {[%clk 01:32:09]} {[%emt 00:02:03]}
16. Bb2 {[%clk 01:12:04]} {[%emt 00:04:46]} Rc8 {[%clk 01:29:41]} {[%emt
00:02:57]} 17. Bxe4 {[%clk 01:09:17]} {[%emt 00:03:18]} Bxe4 {[%clk 01:30:00]}
{[%emt 00:00:12]} 18. Rc1 {[%clk 01:03:35]} {[%emt 00:06:11]} Bxf3 {[%clk
01:26:41]} {[%emt 00:03:49]} 19. Qxd8 {[%clk 00:53:03]} {[%emt 00:11:00]} Rfxd8
{[%clk 01:26:19]} {[%emt 00:00:54]} 20. gxf3 {[%clk 00:53:22]} {[%emt
00:00:11]} h6 {[%clk 01:26:16]} {[%emt 00:00:34]} 21. Bd4 {[%clk 00:29:43]}
{[%emt 00:24:09]} g5 {[%clk 01:13:05]} {[%emt 00:13:41]} 22. Kf1 {[%clk
00:28:43]} {[%emt 00:01:29]} f5 {[%clk 01:13:21]} {[%emt 00:00:15]} 23. Ke2
{[%clk 00:27:46]} {[%emt 00:01:26]} Kf7 {[%emt 00:00:24]} 24. Bb6 {[%clk
00:23:40]} {[%emt 00:04:17]} Re8 {[%clk 01:12:58]} {[%emt 00:01:18]} 25. Red1
{[%clk 00:23:41]} {[%emt 00:00:29]} Rxc1 {[%clk 01:12:54]} {[%emt 00:00:36]}
26. Rxc1 {[%clk 00:24:03]} {[%emt 00:00:08]} Bf6 {[%clk 01:13:22]} {[%emt
00:00:02]} 27. Rc7+ {[%clk 00:21:19]} {[%emt 00:03:14]} Re7 {[%clk 01:13:51]}
28. Rc2 {[%clk 00:20:36]} {[%emt 00:01:14]} Rd7 {[%clk 01:13:52]} {[%emt
00:00:29]} 29. Bc7 {[%clk 00:11:01]} {[%emt 00:10:06]} Be7 {[%clk 00:58:24]}
{[%emt 00:15:58]} 30. Bb6 {[%clk 00:11:00]} {[%emt 00:00:31]} h5 {[%clk
00:55:22]} {[%emt 00:03:32]} 31. h3 {[%clk 00:10:54]} {[%emt 00:00:35]} Bf6
{[%clk 00:52:14]} {[%emt 00:03:38]} 1/2-1/2